000 00780nam a22002417a 4500
003 UA-OsUOA
001 30462
007 ta
008 20041110b un ||||| |||| 00| 0 ukr d
100 _aДрачук В.С.
090 _a902(477)
_bД72
942 _cBK
040 _aUA-OsUOA
_brus
_cUA-OsUOA
_dUA-OsUOA
245 _aСистемы знаков Северного Причерноморья
_bТамгообразные знаки Северопонтийской периферии античного мира первых веков нашей эры
300 _a176 с.
_bІлюстрації
955 _a0
041 _arus
080 _a902(477)
260 _aКиев
_bНаукова думка
_c1975
044 _aRU
650 7 _2UDC
999 _c316874
_d316874